2021-22 NFL Stat Leaders - Statistics

General Stats
  • This quiz has been taken 190 times
  • The average score is 16 of 22
Answer Stats
Hint Answer % Correct
Passing Yards (5,316) Tom Brady
96%
Yds/G (312.7) Tom Brady
96%
TDs (43) Tom Brady
96%
Receiving Yards (1,947) Cooper Kupp
88%
TDs (16) Cooper Kupp
88%
Most 20+ yd receptions (30) Cooper Kupp
88%
Recieving yds/g (114.5) Cooper Kupp
88%
Rushing Yards (1,811) Jonathan Taylor
86%
Longest Rush (83 yds) Jonathan Taylor
86%
Most 20+ yd rushes (14) Jonathan Taylor
86%
TDs (18) Jonathan Taylor
86%
Avg Yards Per Attempt (8.9) Joe Burrow
80%
Sacks Taken (51) Joe Burrow
80%
YPG (117.1) Derrick Henry
77%
QBR (69.1) Aaron Rodgers
76%
RTG (111.9) Aaron Rodgers
76%
INTs (17) Mathew Stafford
68%
Longest Pass (91 yds) Jalen Hurts
40%
Fumbles (12) Kyler Murray
29%
Avg Yards Per Catch (18.2) Deebo Samuel
19%
Longest Reception (91 yds) Quez Watkins
19%
Avg Yards Per Attempt (6.3) Rashaad Penny
5%
No matching quizzes found
Score Distribution
Percent of People with Each Score
Percentile by Number Answered
Your Score History
You have not taken this quiz